000 00454nam a2200181 a 4500
001 1766566528758
003 YourLibrary
005 20251226115023.0
008 251224s2010##################000#0#eng##
020 _a9780307278708
082 0 4 _a270.2
_bHOL
100 1 _aHolland, Tom,
_eauthor.
245 1 0 _aThe Forge of Christendom :
260 _bAnchor,
_c2010.
650 0 _aHistory.
942 _cENGLISH
040 _aYourLibrary
_beng
_cYourLibrary
999 _c604773
_d604773